| 000 | 00884nam a2200265Ia 4500 | ||
|---|---|---|---|
| 003 | OSt | ||
| 005 | 20220923211711.0 | ||
| 006 | a|||||r|||| 00| 0 | ||
| 007 | ta | ||
| 008 | 220922b |||||||| |||| 00| 0 san d | ||
| 024 | _a43,194 | ||
| 037 | _cTextual | ||
| 040 |
_aARTS _cARTS _bsan |
||
| 041 |
_2san _asan |
||
| 082 | _aO15,2:g, 152M6 | ||
| 100 | _aसिन्हा, जयश्री | ||
| 245 | 0 | _aसंस्कृत नाटिका विमर्श | |
| 246 | _aSanskṛut nāṭikā vimarsha | ||
| 260 |
_aदिल्ली _b कैपिटल पब्लिशिंग _c1986 |
||
| 300 |
_a313पृ. _ccm. |
||
| 650 |
_a हिन्दी साहित्य _9156264 |
||
| 650 | _aसंस्कृत नाटक | ||
| 942 |
_hO15,2:g, 152M6 _cTEXL _2CC |
||
| 999 |
_c302735 _d302735 |
||